Statistics for The Legend of Zelda: Majora's Mask - Dungeons

Click here to take the quiz!

General Stats

  • This quiz has been taken 107 times
  • The average score is 4 of 8

Answer Stats

Answer% Correct
Great Bay Temple
91%
Stone Tower Temple
89%
Woodfall Temple
85%
Snowhead Temple
84%
Moon Dungeons
79%
Ancient Castle of Ikana
9%
Secret Shrine
5%
Beneath the Wall
3%

Score Distribution

Percentile by Number Answered

Percent of People with Each Score

Your Score History

You have not taken this quiz